000 00742nam a22002297a 4500
003 DO-SdBNP
005 20230223095327.0
008 180205b 20uu dr c 00| 0 spa d
020 _a9789945421491
040 _aBPMSU
_bspa
_cBPMSU
082 4 _a861.44
_bR896p
_222
100 1 _aRubio Cruz, Carlos Daniel
245 1 3 _aLa penúltima ventana /
_cCarlos Daniel Rubio Cruz ; prólogo Freddy Ginebra Giudicelli
260 _a[Santo Domingo]:
_b[s.d],
_c[200-?]
300 _a[114] p. :
_bil., retr. ;
_c24 cm.
590 _6Inventariado, 2023/VM
650 4 _aPoesía española
650 4 _aLiteratura española
700 1 _aGinebra Giudicelli, Freddy
_epról.
910 _aYLOCKWARD/ VMateo V. Control de calidad (BPMSU)
942 _2ddc
_cBK
999 _c13271
_d13271